000 00793nam a22002537a 4500
001 47969
003 UA-OsUOA
005 20231003150346.0
007 ta
008 20070827b un ||||| |||| 00| 0 ukr d
040 _aUA-OsUOA
_brus
_cUA-OsUOA
_dUA-OsUOA
041 _arus
080 _a18
090 _a18
_bГ63
100 _aГольдентрихт С. С.
245 _aСпецифика эстетического сознания
_cС. С. Гольдентрихт, М. П. Гальперин
260 _aМ.
_c1974
_bВысшая школа
300 _a103 с.
650 7 _a1 Філософські науки
_2UDC
700 _aГальперин М.П.
942 _cBK
_2udc
955 _a2
999 _c334071
_d334071